[Event "V Torneo Leonardo di Bona Internazionale"]
[Site "Cutro ITA"]
[Date "1999.04.25"]
[Round "3"]
[White "Krasenkow, Michal"]
[Black "Pegorari, Pietro"]
[Result "1-0"]
[WhiteElo "2643"]
[BlackElo "2385"]
[PlyCount "45"]
[EventDate "1999.04.23"]

1. d4 d5 2. c4 c6 3. Nc3 Nf6 4. e3 e6 5. Nf3 Nbd7 6. Qc2 Bd6 7. g4 dxc4 8. Bxc4
Nb6 9. Bb3 Qe7 10. g5 Nfd5 11. Ne4 Bb4+ 12. Bd2 a5 13. a3 Bxd2+ 14. Qxd2 Nd7
15. Ne5 Nxe5 16. dxe5 a4 17. Ba2 Qc7 18. Nd6+ Ke7 19. e4 Nb6 20. Qf4 Rf8 21.
O-O-O Nd7 22. g6 hxg6 23. Qh4+ 1-0

[Event "V Torneo Leonardo di Bona Internazionale"]
[Site "Cutro ITA"]
[Date "1999.04.26"]
[Round "4"]
[White "Abatino, Maurizio"]
[Black "Efimov, Igor"]
[Result "0-1"]
[WhiteElo "2275"]
[BlackElo "2494"]
[PlyCount "68"]
[EventDate "1999.04.23"]

1. d4 e6 2. c4 c5 3. d5 exd5 4. cxd5 d6 5. Nc3 g6 6. e4 a6 7. a4 Bg7 8. f3 Ne7
9. Bg5 h6 10. Be3 O-O 11. Qd2 Kh7 12. g4 f5 13. exf5 gxf5 14. Bd3 Nd7 15. Nge2
Ne5 16. O-O N7g6 17. Nf4 Nh4 18. Qe2 Bd7 19. Rad1 Qe7 20. Bb1 Rae8 21. Ne6 Bxe6
22. dxe6 Qxe6 23. Nd5 Neg6 24. Qf2 Kh8 25. f4 Qd7 26. Qc2 Qc6 27. h3 Rxe3 28.
Nxe3 Nf3+ 29. Rxf3 Qxf3 30. Qf2 Qxh3 31. Rxd6 Nh4 32. Ng2 Nf3+ 33. Kf1 Qh1+ 34.
Ke2 Nd4+ 0-1

[Event "V Torneo Leonardo di Bona Internazionale"]
[Site "Cutro ITA"]
[Date "1999.04.26"]
[Round "4"]
[White "Borgo, Giulio"]
[Black "Djuric, Stefan"]
[Result "1/2-1/2"]
[WhiteElo "2448"]
[BlackElo "2517"]
[PlyCount "89"]
[EventDate "1999.04.23"]

1. e4 c5 2. Nf3 Nc6 3. Bb5 g6 4. O-O Bg7 5. Bxc6 dxc6 6. d3 e5 7. a3 a5 8. Be3
b6 9. Nbd2 a4 10. Qb1 Nh6 11. Nxe5 Bxe5 12. Bxh6 Qh4 13. Nf3 Bxh2+ 14. Nxh2
Qxh6 15. b4 axb3 16. Qxb3 Ra6 17. a4 O-O 18. Qc4 Ra5 19. Rfb1 Be6 20. Qc3 c4
21. Nf1 cxd3 22. cxd3 Qh4 23. Ng3 Rc5 24. Qb2 Rb8 25. d4 Rc4 26. a5 b5 27. a6
Qd8 28. d5 cxd5 29. a7 Ra8 30. Qxb5 d4 31. Ne2 Rcc8 32. Qe5 d3 33. Nf4 Bc4 34.
Nd5 Bxd5 35. exd5 d2 36. Qd4 Qg5 37. f4 Qf5 38. Qxd2 Rxa7 39. Rxa7 Qxb1+ 40.
Kh2 Qb6 41. Ra1 Qf6 42. Rd1 Qf5 43. Re1 Kg7 44. Qd4+ Qf6 45. Qe5 1/2-1/2

[Event "V Torneo Leonardo di Bona Internazionale"]
[Site "Cutro ITA"]
[Date "1999.04.26"]
[Round "4"]
[White "Chatalbashev, Boris"]
[Black "Krasenkow, Michal"]
[Result "0-1"]
[WhiteElo "2524"]
[BlackElo "2643"]
[PlyCount "80"]
[EventDate "1999.04.23"]

1. d4 g6 2. e4 Bg7 3. Nc3 c6 4. Nf3 d5 5. Bf4 Bg4 6. exd5 cxd5 7. Nb5 Na6 8. h3
Bxf3 9. Qxf3 Nf6 10. Bd3 O-O 11. c3 Nh5 12. Bh2 e5 13. dxe5 Bxe5 14. Bxe5 Re8
15. Qe3 f6 16. f4 fxe5 17. fxe5 Qf6 18. exf6 Rxe3+ 19. Kd2 Rg3 20. Raf1 Rxg2+
21. Kc1 Nc5 22. f7+ Kf8 23. Rd1 Kxf7 24. Nc7 Rd8 25. Nxd5 Nxd3+ 26. Rxd3 Re8
27. Rf1+ Kg8 28. Rfd1 Rh2 29. R1d2 Ree2 30. Rxe2 Rxe2 31. Rd2 Rxd2 32. Kxd2 Kf7
33. Ke3 g5 34. c4 Ke6 35. b4 Ke5 36. a4 Nf4 37. Nc3 Nxh3 38. c5 Nf4 39. Kf3 Nd5
40. Na2 Kd4 0-1

[Event "V Torneo Leonardo di Bona Internazionale"]
[Site "Cutro ITA"]
[Date "1999.04.26"]
[Round "4"]
[White "Romanishin, Oleg M."]
[Black "Georgiev, Krum I."]
[Result "1-0"]
[WhiteElo "2572"]
[BlackElo "2490"]
[PlyCount "53"]
[EventDate "1999.04.23"]

1. d4 Nf6 2. Nf3 g6 3. g3 Bg7 4. Bg2 O-O 5. O-O c6 6. c4 d6 7. Nc3 a6 8. e4
Nfd7 9. Be3 b5 10. a4 b4 11. Ne2 Bb7 12. Qc2 e5 13. dxe5 dxe5 14. c5 a5 15.
Rfd1 Qc7 16. Nc1 Nf6 17. h3 Nh5 18. Nb3 Nd7 19. Rd6 Rfd8 20. Rad1 Bf8 21. R6d2
Be7 22. Ng5 Bc8 23. Qc4 Rf8 24. Ne6 Qa7 25. Nxa5 Qxa5 26. Rxd7 Bxd7 27. Rxd7
1-0

[Event "V Torneo Leonardo di Bona Internazionale"]
[Site "Cutro ITA"]
[Date "1999.04.26"]
[Round "4"]
[White "Skembris, Spyridon"]
[Black "Pegorari, Pietro"]
[Result "1/2-1/2"]
[WhiteElo "2445"]
[BlackElo "2385"]
[PlyCount "33"]
[EventDate "1999.04.23"]

1. d4 d5 2. c4 c6 3. Nf3 Nf6 4. Nc3 e6 5. e3 Nbd7 6. Qc2 Bd6 7. Bd2 O-O 8. Bd3
dxc4 9. Bxc4 b5 10. Bd3 Bb7 11. e4 e5 12. dxe5 Nxe5 13. Nxe5 Bxe5 14. f4 Bd4
15. e5 Ng4 16. Bxh7+ Kh8 17. O-O-O 1/2-1/2

[Event "V Torneo Leonardo di Bona Internazionale"]
[Site "Cutro ITA"]
[Date "1999.04.26"]
[Round "4"]
[White "Zontakh, Andrey"]
[Black "Epishin, Vladimir V."]
[Result "1/2-1/2"]
[WhiteElo "2530"]
[BlackElo "2578"]
[PlyCount "61"]
[EventDate "1999.04.23"]

1. e4 c6 2. d4 d5 3. Nc3 dxe4 4. Nxe4 Bf5 5. Ng3 Bg6 6. h4 h6 7. Nf3 Nf6 8. Ne5
Bh7 9. Bd3 Bxd3 10. Qxd3 e6 11. Bd2 Be7 12. O-O-O O-O 13. Kb1 Nbd7 14. Qe2 Qc7
15. f4 Rfe8 16. Rhe1 Bf8 17. Nh5 Nxh5 18. Qxh5 Nf6 19. Qf3 h5 20. c4 g6 21. g4
Rad8 22. gxh5 Nxh5 23. Be3 Kh7 24. d5 cxd5 25. cxd5 Rxd5 26. Rxd5 exd5 27. Rd1
Qc8 28. Rxd5 Nf6 29. Nxf7 Nxd5 30. Ng5+ Kh6 31. Nf7+ 1/2-1/2

[Event "V Torneo Leonardo di Bona Internazionale"]
[Site "Cutro ITA"]
[Date "1999.04.27"]
[Round "5"]
[White "Djuric, Stefan"]
[Black "Zontakh, Andrey"]
[Result "1/2-1/2"]
[WhiteElo "2517"]
[BlackElo "2530"]
[PlyCount "21"]
[EventDate "1999.04.23"]

1. c4 Nf6 2. Nc3 e6 3. d4 Bb4 4. Nf3 O-O 5. Bg5 h6 6. Bxf6 Qxf6 7. Rc1 d6 8.
Qb3 c5 9. a3 Ba5 10. e4 Nc6 11. dxc5 1/2-1/2

[Event "V Torneo Leonardo di Bona Internazionale"]
[Site "Cutro ITA"]
[Date "1999.04.27"]
[Round "5"]
[White "Efimov, Igor"]
[Black "Skembris, Spyridon"]
[Result "1/2-1/2"]
[WhiteElo "2494"]
[BlackElo "2445"]
[PlyCount "32"]
[EventDate "1999.04.23"]

1. c4 e5 2. g3 Nf6 3. Bg2 d5 4. cxd5 Nxd5 5. Nf3 Nc6 6. O-O Be7 7. d4 exd4 8.
Nxd4 Nxd4 9. Qxd4 Nf6 10. Qxd8+ Bxd8 11. Nc3 O-O 12. e4 Re8 13. h3 c6 14. Re1
Ba5 15. Bg5 Be6 16. Rac1 Nd7 1/2-1/2

[Event "V Torneo Leonardo di Bona Internazionale"]
[Site "Cutro ITA"]
[Date "1999.04.27"]
[Round "5"]
[White "Epishin, Vladimir V."]
[Black "Abatino, Maurizio"]
[Result "1-0"]
[WhiteElo "2578"]
[BlackElo "2275"]
[PlyCount "63"]
[EventDate "1999.04.23"]

1. d4 Nf6 2. c4 e6 3. Nf3 Bb4+ 4. Bd2 Qe7 5. g3 Nc6 6. Bg2 Bxd2+ 7. Nbxd2 d6 8.
e4 e5 9. d5 Nb8 10. b4 a5 11. a3 O-O 12. O-O Na6 13. Qb3 Bg4 14. Rfb1 Bxf3 15.
Qxf3 Nd7 16. Bf1 g6 17. c5 axb4 18. c6 bxc6 19. dxc6 bxa3 20. cxd7 Nc5 21. Bh3
Nxd7 22. Bxd7 Qxd7 23. Rxa3 Rac8 24. Rc1 f5 25. Rac3 Qf7 26. Rc6 Qd7 27. exf5
gxf5 28. Qd5+ Kh8 29. f4 Qg7 30. Qf3 Qe7 31. Qc3 Rf7 32. Nf3 1-0

[Event "V Torneo Leonardo di Bona Internazionale"]
[Site "Cutro ITA"]
[Date "1999.04.27"]
[Round "5"]
[White "Pegorari, Pietro"]
[Black "Chatalbashev, Boris"]
[Result "1/2-1/2"]
[WhiteElo "2385"]
[BlackElo "2524"]
[PlyCount "35"]
[EventDate "1999.04.23"]

1. Nf3 Nf6 2. c4 g6 3. Nc3 c5 4. g3 b6 5. Bg2 Bb7 6. O-O Bg7 7. d3 O-O 8. Rb1
d6 9. a3 Nbd7 10. e4 Ne5 11. Ne1 Nc6 12. Nc2 Nd7 13. Bg5 h6 14. Be3 e5 15. Qd2
Kh7 16. f4 exf4 17. gxf4 f5 18. exf5 1/2-1/2

[Event "V Torneo Leonardo di Bona Internazionale"]
[Site "Cutro ITA"]
[Date "1999.04.28"]
[Round "6"]
[White "Abatino, Maurizio"]
[Black "Djuric, Stefan"]
[Result "0-1"]
[WhiteElo "2275"]
[BlackElo "2517"]
[PlyCount "91"]
[EventDate "1999.04.23"]

1. d4 g6 2. c4 Nf6 3. Nc3 d5 4. Nf3 Bg7 5. e3 O-O 6. Bd2 c6 7. Rc1 Ne4 8. Be2
Nxd2 9. Qxd2 dxc4 10. O-O b5 11. Rfd1 a6 12. h3 Bb7 13. Ne4 Nd7 14. Qc2 c5 15.
Nxc5 Nxc5 16. dxc5 Qa5 17. Nd4 Rac8 18. b3 e5 19. Nf3 Rxc5 20. bxc4 Bxf3 21.
gxf3 b4 22. Qb3 Qb6 23. a3 a5 24. axb4 axb4 25. Rb1 Rb8 26. Rd5 Bf8 27. Bd3 Qc7
28. Rxc5 Bxc5 29. Be4 Qd7 30. Kg2 Rd8 31. Bd5 Qf5 32. Ra1 Qg5+ 33. Kf1 Qh4 34.
Kg2 Qg5+ 35. Kf1 Kg7 36. Ra5 Rc8 37. Qa4 Qe7 38. Rb5 Rc7 39. Rb8 Ra7 40. Qc6
Ra1+ 41. Ke2 Ra2+ 42. Kd3 e4+ 43. Bxe4 Qe5 44. Bd5 Qc3+ 45. Ke4 Qc2+ 46. Kf4
0-1

[Event "V Torneo Leonardo di Bona Internazionale"]
[Site "Cutro ITA"]
[Date "1999.04.28"]
[Round "6"]
[White "Borgo, Giulio"]
[Black "Krasenkow, Michal"]
[Result "0-1"]
[WhiteElo "2448"]
[BlackElo "2643"]
[PlyCount "128"]
[EventDate "1999.04.23"]

1. e4 e5 2. Nf3 Nc6 3. Nc3 g6 4. d4 exd4 5. Nd5 Bg7 6. Bg5 Nce7 7. Nxd4 c6 8.
Nxe7 Nxe7 9. Qd2 h6 10. Be3 d5 11. f3 c5 12. Nb3 d4 13. Bb5+ Kf8 14. Bf2 Qb6
15. Bc4 a5 16. a4 Nc6 17. O-O Ne5 18. Qe2 Kg8 19. Bd5 Be6 20. Bxe6 fxe6 21. f4
Nd7 22. Qc4 Kh7 23. Rad1 Rhf8 24. Bg3 Qc6 25. Rfe1 Rfe8 26. e5 Rec8 27. h4 Nb6
28. Qe2 h5 29. Nd2 Nxa4 30. Ne4 Bh6 31. b3 Nb6 32. c3 Rd8 33. cxd4 Rxd4 34. Rc1
Nd5 35. Nf6+ Kg7 36. Nxd5 Qxd5 37. Bf2 Bxf4 38. Rc2 Qxb3 39. Bxd4 cxd4 40. Rc7+
Kh6 41. Rf7 Qg3 42. Qe4 Qh2+ 43. Kf1 Bg3 44. Rb1 Qxh4 45. Qxh4 Bxh4 46. Rbxb7
Bg3 47. Rf6 d3 48. Rd7 Ra6 49. Rd6 Rxd6 50. exd6 Bxd6 51. Rxe6 Bb4 52. Re5 h4
53. Rd5 d2 54. Ke2 g5 55. Rd8 Kg6 56. Rd5 g4 57. Re5 h3 58. gxh3 gxh3 59. Re3
h2 60. Rh3 Bd6 61. Kxd2 Kg5 62. Rh7 Kg4 63. Rg7+ Kf3 64. Rh7 Kg2 0-1

[Event "V Torneo Leonardo di Bona Internazionale"]
[Site "Cutro ITA"]
[Date "1999.04.28"]
[Round "6"]
[White "Romanishin, Oleg M."]
[Black "Pegorari, Pietro"]
[Result "1-0"]
[WhiteElo "2572"]
[BlackElo "2385"]
[PlyCount "48"]
[EventDate "1999.04.23"]

1. d4 d5 2. c4 c6 3. Nf3 e6 4. g3 Nf6 5. Bg2 Bd6 6. O-O Nbd7 7. Qc2 O-O 8. Bg5
h6 9. Bxf6 Qxf6 10. Nc3 Qe7 11. Rfd1 Re8 12. e4 dxe4 13. Nxe4 c5 14. Qa4 cxd4
15. Nxd6 Qxd6 16. Nxd4 Qe7 17. Rac1 Nc5 18. Qa3 a5 19. Nb5 Ra6 20. Rd2 Rf8 21.
Rcd1 b6 22. Rd6 Nb7 23. Rc6 Qxa3 24. Nxa3 Nd8 1-0

[Event "V Torneo Leonardo di Bona Internazionale"]
[Site "Cutro ITA"]
[Date "1999.04.28"]
[Round "6"]
[White "Skembris, Spyridon"]
[Black "Chatalbashev, Boris"]
[Result "1/2-1/2"]
[WhiteElo "2445"]
[BlackElo "2524"]
[PlyCount "20"]
[EventDate "1999.04.23"]

1. d4 g6 2. c4 Bg7 3. e4 c5 4. d5 d6 5. Bd3 Nf6 6. Nc3 O-O 7. Nge2 e6 8. O-O
exd5 9. cxd5 Nbd7 10. Ng3 Re8 1/2-1/2

[Event "V Torneo Leonardo di Bona Internazionale"]
[Site "Cutro ITA"]
[Date "1999.04.28"]
[Round "6"]
[White "Zontakh, Andrey"]
[Black "Georgiev, Krum I."]
[Result "0-1"]
[WhiteElo "2530"]
[BlackElo "2490"]
[PlyCount "60"]
[EventDate "1999.04.23"]

1. e4 c5 2. Nf3 d6 3. d4 cxd4 4. Nxd4 Nf6 5. Nc3 a6 6. Be3 e6 7. g4 b5 8. g5
Nfd7 9. h4 Bb7 10. a3 Be7 11. Rg1 Nc6 12. Nxc6 Bxc6 13. Qd4 O-O 14. O-O-O Qc7
15. h5 Nc5 16. f3 Rfd8 17. Kb1 Rab8 18. h6 Bf8 19. b4 a5 20. g6 hxg6 21. Bg5
Rd7 22. hxg7 Bxg7 23. e5 axb4 24. exd6 Qa7 25. Bf6 Na4 26. Qxa7 Rxa7 27. Bxg7
Nxc3+ 28. Bxc3 bxc3 29. d7 Bxd7 30. Rg4 Rxa3 0-1

[Event "V Torneo Leonardo di Bona Internazionale"]
[Site "Cutro ITA"]
[Date "1999.04.28"]
[Round "7"]
[White "Chatalbashev, Boris"]
[Black "Romanishin, Oleg M."]
[Result "1-0"]
[WhiteElo "2524"]
[BlackElo "2572"]
[PlyCount "137"]
[EventDate "1999.04.23"]

1. d4 Nf6 2. c4 g6 3. Nc3 d5 4. Nf3 Bg7 5. Bg5 Ne4 6. cxd5 Nxg5 7. Nxg5 c6 8.
dxc6 Nxc6 9. d5 Na5 10. e3 O-O 11. Be2 e6 12. Nf3 exd5 13. O-O Nc4 14. Qb3 Be6
15. Rfd1 Rc8 16. Rac1 Qb6 17. Bxc4 Rxc4 18. Qxb6 axb6 19. Nd4 Rfc8 20. a3 Kf8
21. Kf1 Bd7 22. Ke1 b5 23. Na2 Bxd4 24. Rxc4 bxc4 25. Rxd4 Be6 26. Kd2 h5 27.
Kc3 Ke7 28. h4 Kd6 29. Nb4 Kc5 30. Rd1 Rd8 31. Nc2 Kd6 32. Rd4 Ke7 33. Nb4 Rd6
34. Rd2 f6 35. Kd4 b6 36. g3 Bf7 37. Kc3 Kd7 38. Rd1 Kc7 39. Nc2 Rd8 40. Nd4
Re8 41. Ne2 Kc6 42. Nd4+ Kc5 43. b4+ Kd6 44. Nb5+ Kc6 45. a4 Ra8 46. Ra1 g5 47.
Nd4+ Kd6 48. Nf3 g4 49. Nd4 Be8 50. a5 Ra6 51. Nf5+ Ke5 52. Nd4 Kd6 53. Ra2 Bd7
54. Ne2 Ke5 55. axb6 Rxa2 56. b7 Ra3+ 57. Kd2 Ra2+ 58. Ke1 Ra1+ 59. Nc1 Rxc1+
60. Kd2 Rb1 61. b8=Q+ Ke6 62. Qb6+ Ke7 63. Qc5+ Ke8 64. Qxd5 Rb2+ 65. Kc3 Rxf2
66. b5 Rf5 67. Qa8+ Ke7 68. b6 Re5 69. b7 1-0

[Event "V Torneo Leonardo di Bona Internazionale"]
[Site "Cutro ITA"]
[Date "1999.04.28"]
[Round "7"]
[White "Djuric, Stefan"]
[Black "Efimov, Igor"]
[Result "1-0"]
[WhiteElo "2517"]
[BlackElo "2494"]
[PlyCount "79"]
[EventDate "1999.04.23"]

1. d4 d5 2. Nf3 c6 3. e3 Bf5 4. c4 e6 5. Nc3 Nd7 6. Bd3 Bxd3 7. Qxd3 Ngf6 8.
O-O Bb4 9. Bd2 O-O 10. Nxd5 exd5 11. Bxb4 Re8 12. cxd5 cxd5 13. Rac1 Qb6 14.
Qa3 Ne4 15. Qa4 Ndf6 16. Ne5 a5 17. Bc3 Qa6 18. f3 Nd6 19. Bd2 Re7 20. Rc5 b5
21. Qc2 Qb6 22. Rc6 Qd8 23. b3 Re6 24. Rc1 g6 25. Qc5 Kg7 26. Be1 h6 27. g4 b4
28. Rc7 Qe8 29. Bg3 g5 30. Kf2 a4 31. Qxb4 axb3 32. Qxb3 Rb8 33. Qc2 Ng8 34.
Nd7 Rxe3 35. Be5+ Rxe5 36. Nxe5 Ne7 37. Re1 Nb5 38. Nc6 Nxc7 39. Rxe7 Qc8 40.
Nxb8 1-0

[Event "V Torneo Leonardo di Bona Internazionale"]
[Site "Cutro ITA"]
[Date "1999.04.28"]
[Round "7"]
[White "Epishin, Vladimir V."]
[Black "Skembris, Spyridon"]
[Result "1-0"]
[WhiteElo "2578"]
[BlackElo "2445"]
[PlyCount "61"]
[EventDate "1999.04.23"]

1. d4 d5 2. c4 c6 3. Nc3 Nf6 4. e3 e6 5. Nf3 Nbd7 6. Qc2 Bd6 7. Bd3 O-O 8. O-O
dxc4 9. Bxc4 Qe7 10. h3 e5 11. a3 Bb8 12. Ba2 h6 13. Bd2 a5 14. Rae1 Re8 15. e4
exd4 16. Nxd4 Qe5 17. Nf3 Qh5 18. Nh2 Ne5 19. f4 Ba7+ 20. Be3 Bxe3+ 21. Rxe3
Ng6 22. e5 Nf8 23. Qf2 N6h7 24. Ne4 Ng6 25. f5 Bxf5 26. Qxf5 Qxf5 27. Rxf5 Re7
28. Nd6 Ng5 29. Nf3 Nxf3+ 30. gxf3 Rf8 31. Re4 1-0

[Event "V Torneo Leonardo di Bona Internazionale"]
[Site "Cutro ITA"]
[Date "1999.04.28"]
[Round "7"]
[White "Georgiev, Krum I."]
[Black "Abatino, Maurizio"]
[Result "1-0"]
[WhiteElo "2490"]
[BlackElo "2275"]
[PlyCount "41"]
[EventDate "1999.04.23"]

1. e4 e6 2. d3 d5 3. Nd2 c5 4. Ngf3 Nc6 5. c3 Qc7 6. g3 g6 7. Bg2 Bg7 8. O-O
Nge7 9. Re1 O-O 10. Qe2 b6 11. h4 a5 12. e5 Ba6 13. a4 h5 14. Nf1 Rab8 15. N1h2
b5 16. axb5 Bxb5 17. g4 Rfe8 18. Bh3 hxg4 19. Nxg4 Kf8 20. Ng5 Nf5 21. Nh7+ 1-0

[Event "V Torneo Leonardo di Bona Internazionale"]
[Site "Cutro ITA"]
[Date "1999.04.28"]
[Round "7"]
[White "Pegorari, Pietro"]
[Black "Borgo, Giulio"]
[Result "0-1"]
[WhiteElo "2385"]
[BlackElo "2448"]
[PlyCount "80"]
[EventDate "1999.04.23"]

1. Nf3 d5 2. c4 e6 3. g3 g6 4. Bg2 Bg7 5. O-O Ne7 6. d3 O-O 7. Qc2 b6 8. Bg5 c5
9. Nc3 Nbc6 10. a3 Bb7 11. Rab1 Qd7 12. e4 h6 13. Bxe7 Nxe7 14. Rfd1 Rac8 15.
Nd2 Rfd8 16. Ne2 b5 17. b3 a6 18. Nf1 Qc7 19. h4 Qa5 20. Qc1 bxc4 21. bxc4 Bc6
22. Ne3 dxe4 23. Bxe4 Ba4 24. Rf1 Rb8 25. Nf4 Nc6 26. Rxb8 Rxb8 27. h5 g5 28.
Bxc6 Bxc6 29. Nfg2 Bf3 30. g4 Qc3 31. Qxc3 Bxc3 32. Nc2 Bxg4 33. f4 Bxh5 34.
fxg5 hxg5 35. Nce3 Be2 36. Rc1 Bd4 37. Kf2 Bxd3 38. Kf3 Rb1 39. Rxb1 Bxb1 40.
Kg4 f6 0-1

[Event "V Torneo Leonardo di Bona Internazionale"]
[Site "Cutro ITA"]
[Date "1999.04.29"]
[Round "8"]
[White "Abatino, Maurizio"]
[Black "Krasenkow, Michal"]
[Result "0-1"]
[WhiteElo "2275"]
[BlackElo "2643"]
[PlyCount "56"]
[EventDate "1999.04.23"]

1. d4 d5 2. c4 e6 3. Nc3 c6 4. Nf3 dxc4 5. a4 Bb4 6. e3 b5 7. Bd2 a5 8. Qc2 Ba6
9. Be2 Ne7 10. Qe4 Nd7 11. Ne5 f5 12. Qf3 Nxe5 13. dxe5 O-O 14. Rd1 Qc7 15. Qg3
Bxc3 16. bxc3 Nd5 17. Bf3 b4 18. e4 f4 19. Qg5 h6 20. Qh5 bxc3 21. Bc1 Nb4 22.
O-O Nd3 23. Bg4 Rae8 24. Ba3 c5 25. Rc1 Nxc1 26. Rxc1 Kh7 27. Rxc3 g6 28. Qh3
Qxe5 0-1

[Event "V Torneo Leonardo di Bona Internazionale"]
[Site "Cutro ITA"]
[Date "1999.04.29"]
[Round "8"]
[White "Borgo, Giulio"]
[Black "Chatalbashev, Boris"]
[Result "1-0"]
[WhiteElo "2448"]
[BlackElo "2524"]
[PlyCount "111"]
[EventDate "1999.04.23"]

1. e4 c5 2. Nf3 g6 3. d4 cxd4 4. Nxd4 Nf6 5. f3 Nc6 6. c4 Bg7 7. Nc2 d6 8. Nc3
Nh5 9. Qd2 f5 10. exf5 Bxf5 11. Ne3 Bh6 12. Qf2 O-O 13. Nxf5 Bxc1 14. Rxc1 Rxf5
15. Bd3 Re5+ 16. Be4 Nf4 17. Qd2 Qf8 18. O-O Qh6 19. Kh1 g5 20. Nd5 Rf8 21. Ne3
Qh5 22. b4 Rxe4 23. fxe4 Ne5 24. c5 dxc5 25. Rxc5 Ned3 26. Rf5 Rd8 27. Nd5 Rxd5
28. Rxd5 Nxd5 29. exd5 Qg6 30. Qe3 g4 31. Kg1 Qb6 32. Qxb6 axb6 33. a3 Nb2 34.
Rf4 h5 35. Rd4 b5 36. Kf2 Kf7 37. d6 exd6 38. Rxd6 Nc4 39. Rd7+ Kg6 40. Rxb7
Nxa3 41. Ke2 Nc2 42. Kd2 Na3 43. Rc7 Kf5 44. Kd3 Kf4 45. Rc3 Nc4 46. Kd4 Nd2
47. Rc2 Ne4 48. Re2 Nd6 49. g3+ Kf3 50. Re5 Kg2 51. Rxh5 Ne8 52. Ke5 Nc7 53.
Rh6 Kf3 54. Rc6 Ne8 55. Rc8 Ng7 56. Rg8 1-0

[Event "V Torneo Leonardo di Bona Internazionale"]
[Site "Cutro ITA"]
[Date "1999.04.29"]
[Round "8"]
[White "Epishin, Vladimir V."]
[Black "Djuric, Stefan"]
[Result "1-0"]
[WhiteElo "2578"]
[BlackElo "2517"]
[PlyCount "95"]
[EventDate "1999.04.23"]

1. d4 d6 2. Nf3 g6 3. c4 Bg7 4. e4 Bg4 5. Be2 Bxf3 6. Bxf3 Nc6 7. Be3 e5 8. d5
Nd4 9. Bxd4 exd4 10. Nd2 Nf6 11. O-O Nd7 12. Be2 d3 13. Bxd3 Bxb2 14. Rb1 Bg7
15. f4 O-O 16. Nf3 Qf6 17. Qd2 Bh6 18. g3 Nc5 19. Rbe1 Rae8 20. Bb1 Qd8 21. h4
Qd7 22. Kg2 Qa4 23. Qc2 Re7 24. Rf2 Rfe8 25. Rfe2 Bg7 26. e5 a6 27. h5 Qxc2 28.
Bxc2 dxe5 29. hxg6 hxg6 30. fxe5 f5 31. e6 Bf6 32. g4 fxg4 33. Ne5 Bh4 34. Rh1
Nxe6 35. dxe6 Rxe6 36. Rxh4 Rxe5 37. Rf2 Rg5 38. Rd2 Re7 39. Bd1 Kg7 40. Rxg4
Rxg4+ 41. Bxg4 Re4 42. Bc8 b6 43. Bxa6 Kf7 44. Rd7+ Re7 45. Rxe7+ Kxe7 46. c5
bxc5 47. a4 Kd6 48. a5 1-0

[Event "V Torneo Leonardo di Bona Internazionale"]
[Site "Cutro ITA"]
[Date "1999.04.29"]
[Round "8"]
[White "Skembris, Spyridon"]
[Black "Romanishin, Oleg M."]
[Result "1/2-1/2"]
[WhiteElo "2445"]
[BlackElo "2572"]
[PlyCount "103"]
[EventDate "1999.04.23"]

1. d4 Nf6 2. c4 e6 3. Nf3 b6 4. g3 Ba6 5. b3 Bb7 6. Bg2 Bb4+ 7. Bd2 a5 8. O-O
O-O 9. Bc3 d5 10. a3 Be7 11. Nbd2 c5 12. Ne5 Nc6 13. Nxc6 Bxc6 14. cxd5 Nxd5
15. Bb2 cxd4 16. Bxd4 Rc8 17. e3 Bf6 18. Nc4 Bb5 19. Bxd5 exd5 20. Nxb6 Bxd4
21. Qxd4 Rb8 22. Nxd5 Bxf1 23. Rxf1 Rxb3 24. Rd1 Qd6 25. a4 h6 26. Qa7 Qb8 27.
Qxa5 Rb1 28. Qe1 Rxd1 29. Qxd1 Qe5 30. Qf3 Qa1+ 31. Kg2 Qxa4 32. Ne7+ Kh7 33.
h4 Qb4 34. Nd5 Qd6 35. Qf5+ Kg8 36. e4 Re8 37. f3 Qe6 38. Qf4 Qe5 39. Qxe5 Rxe5
40. g4 g6 41. Kg3 Kg7 42. Kf4 f6 43. Kg3 h5 44. Kf4 hxg4 45. fxg4 Re8 46. g5
fxg5+ 47. hxg5 Kf7 48. Nf6 Rc8 49. Ng4 Ke6 50. Nh2 Rf8+ 51. Ke3 Rh8 52. Nf3
1/2-1/2

[Event "V Torneo Leonardo di Bona Internazionale"]
[Site "Cutro ITA"]
[Date "1999.04.29"]
[Round "8"]
[White "Zontakh, Andrey"]
[Black "Pegorari, Pietro"]
[Result "1-0"]
[WhiteElo "2530"]
[BlackElo "2385"]
[PlyCount "71"]
[EventDate "1999.04.23"]

1. e4 e5 2. Nf3 Nc6 3. Bb5 a6 4. Ba4 Nf6 5. O-O b5 6. Bb3 Bb7 7. c3 Nxe4 8. d4
Na5 9. Bc2 exd4 10. Nxd4 d5 11. f3 Nd6 12. Re1+ Kd7 13. Bf4 Kc8 14. a4 Nc6 15.
axb5 Nxd4 16. cxd4 axb5 17. Rxa8+ Bxa8 18. Nd2 Be7 19. Nb3 Bg5 20. Be5 Nc4 21.
Qa1 Kb8 22. Qa6 Qc8 23. Qxb5+ Qb7 24. Qa4 Qc6 25. Qb4+ Qb6 26. Qxb6+ Nxb6 27.
Bxg7 Rg8 28. Be5 h5 29. Nc5 Bb7 30. b3 Bc8 31. Bh7 Rd8 32. f4 Bh6 33. Rc1 Rf8
34. Nd3 Na8 35. Rc6 f6 36. Rxf6 1-0

[Event "V Torneo Leonardo di Bona Internazionale"]
[Site "Cutro ITA"]
[Date "1999.04.30"]
[Round "9"]
[White "Djuric, Stefan"]
[Black "Skembris, Spyridon"]
[Result "1/2-1/2"]
[WhiteElo "2517"]
[BlackElo "2445"]
[PlyCount "113"]
[EventDate "1999.04.23"]

1. e4 e5 2. Nc3 Nf6 3. Nge2 Nc6 4. g3 d5 5. exd5 Nxd5 6. Bg2 Be6 7. O-O Be7 8.
d4 Nxc3 9. bxc3 Bd5 10. Bxd5 Qxd5 11. Qd3 O-O 12. c4 Qd7 13. d5 Nb4 14. Qb3 b6
15. Bb2 Bd6 16. Nc3 Qf5 17. Rac1 Na6 18. Na4 Rae8 19. Rce1 Nc5 20. Nxc5 Bxc5
21. Re2 e4 22. Ba3 Qf3 23. Re3 Bxe3 24. fxe3 Qe2 25. Qc3 f5 26. Bxf8 Rxf8 27.
Rf2 Qd1+ 28. Kg2 Qh5 29. Qe5 Qf7 30. c5 bxc5 31. c4 Qd7 32. Rb2 Qd6 33. Qf4
Qxf4 34. gxf4 c6 35. dxc6 Rc8 36. Rb7 Rxc6 37. Rxa7 Rb6 38. Ra5 Rb2+ 39. Kg3
Re2 40. Rxc5 Rxe3+ 41. Kh4 Re2 42. Rxf5 Rxa2 43. Kg3 Rc2 44. c5 Rc3+ 45. Kg2 h6
46. h4 g6 47. Re5 Kf7 48. h5 gxh5 49. Rxh5 Kg6 50. Rd5 Kf6 51. Rd6+ Kf5 52.
Rxh6 Kxf4 53. Rh4+ Ke5 54. Rh5+ Kd4 55. Kf2 Rc2+ 56. Ke1 Rxc5 57. Rxc5 1/2-1/2

[Event "V Torneo Leonardo di Bona Internazionale"]
[Site "Cutro ITA"]
[Date "1999.04.30"]
[Round "9"]
[White "Georgiev, Krum I."]
[Black "Epishin, Vladimir V."]
[Result "0-1"]
[WhiteElo "2490"]
[BlackElo "2578"]
[PlyCount "28"]
[EventDate "1999.04.23"]

1. e4 c6 2. Nc3 d5 3. Nf3 Bg4 4. h3 Bxf3 5. Qxf3 e6 6. b3 Nf6 7. Bb2 Bc5 8. e5
Nfd7 9. Ne2 Qe7 10. a4 O-O 11. d4 Bb6 12. a5 Bc7 13. Qc3 c5 14. b4 cxd4 0-1

[Event "V Torneo Leonardo di Bona Internazionale"]
[Site "Cutro ITA"]
[Date "1999.04.30"]
[Round "9"]
[White "Krasenkow, Michal"]
[Black "Efimov, Igor"]
[Result "1-0"]
[WhiteElo "2643"]
[BlackElo "2494"]
[PlyCount "57"]
[EventDate "1999.04.23"]

1. d4 d5 2. c4 c6 3. Nc3 e6 4. e3 Nd7 5. Nf3 Ngf6 6. Bd3 b6 7. O-O Bb7 8. b3
Be7 9. Bb2 O-O 10. Qe2 Rc8 11. Rad1 Qc7 12. Ne5 Nxe5 13. dxe5 Nd7 14. f4 g6 15.
g4 a6 16. h4 b5 17. h5 Rfd8 18. hxg6 fxg6 19. Qc2 Bc5 20. Bxg6 Bxe3+ 21. Kh2
Nf8 22. Bh5 b4 23. Ne2 c5 24. cxd5 exd5 25. Rf3 d4 26. Rxe3 dxe3 27. Qc4+ Kg7
28. e6+ Kh6 29. Ng3 1-0